=LDR 00000nam 2200000 4500 =001 INLIS000000000034848 =005 20130612140736 =008 ***********************************ind** =035 ##$$0010-061300000034848 =041 ##$$a ind =082 ##$$a 028.5 =090 ##$$a 028.5, Oct b =100 ##$$a Octavia, Maya Very =245 ##$$a Buku harian Ira/Maya Very Oktavia; Editor, Sudarsini =260 ##$$a 2008 $b Bandung =300 ##$$a 59 hlm., Ilus., 21 cm =650 ##$$a Bacaan Kanak-kanak =700 ##$$a Sudarsini =850 ##$$a NBPNMAT